Catálogo

SAN ANTONIO NEXAPA (Registro nro. 48025)

Detalles MARC
000 -LEADER
fixed length control field 01048nam a2200181 a 4500
001 - CONTROL NUMBER
control field 48025
005 - DATE AND TIME OF LATEST TRANSACTION
control field 20180714032201.0
008 - FIXED-LENGTH DATA ELEMENTS--GENERAL INFORMATION
fixed length control field 140415s1980 mx 000 0 spa d
041 ## - LANGUAGE CODE
Language code of text/sound track or separate title spa
082 ## - DEWEY DECIMAL CLASSIFICATION NUMBER
Classification number 917.274
Item number SEA
100 1# - MAIN ENTRY--PERSONAL NAME
Personal name SEARGEANT, HELEN H.
245 10 - TITLE STATEMENT
Title SAN ANTONIO NEXAPA
250 ## - EDITION STATEMENT
Edition statement 2a ed.
260 ## - PUBLICATION, DISTRIBUTION, ETC.
Place of publication, distribution, etc. MEXICO :
Name of publisher, distributor, etc. INDETERMINADO,
Date of publication, distribution, etc. 1980
300 ## - PHYSICAL DESCRIPTION
Extent 175
Dimensions 15.6 x 2.4 x 19.5
520 ## - SUMMARY, ETC.
Summary, etc. EN MÉXICO, EN EL ESTADO DE CHIAPAS, SE ENCUENTRA UNA LINDA Y PEQUÑA CIUDAD LLAMADA TAPACULO, DONDE LA MAYOR PARTE DE LA SERRANÍA DE LA VERTIENTE DEL PACÍFICO, CON ALTURA INFERIROR A LOS 1,500 METROS CUBIERTA POR UNA DESNAS FLORA TROPICAL Y LÍNEA DE CERROS Y FALDAS A LO LARGO DE LA SIERRA DONDE SE FORMA LA FAJA DEL CAFÉ, EN UNA DE ESAS CAÑADAS, CERCA DEL SUROESTE DEL MONTE TACANÁ ESTÁ SITUADA UNA PLANTACIÓN DE CAFÉ QUE LLEVA EL NOMBRE DE SAN ANTONIO NEXAPA. ESTÉ LIBRO NOS RELATA LA
650 14 - SUBJECT ADDED ENTRY--TOPICAL TERM
Topical term or geographic name entry element SAN ANTONIO NEXAPA, CHIAPAS (PLANTACIN DE CAF)
General subdivision CHIAPAS
-- VIDA SOCIAL Y COSTUMBRES
-- CHIAPAS
-- CONDICIONES SOCIALES
Existencias
Withdrawn status Lost status Source of classification or shelving scheme Damaged status Not for loan Collection code Home library Current library Shelving location Date acquired Source of acquisition Inventory number Total Checkouts Full call number Barcode Date last seen Date last checked out Price effective from Koha item type
    Dewey Decimal Classification     General Biblioteca Karol Wojtyla Biblioteca Karol Wojtyla Sala general 03/12/2013 Compra 151000000000000000036483   917.274 SEA 71908 05/01/2026 23/06/2017 03/12/2013 Libro